000 00421nam a22001937a 4500
003 LK-CoDNM
005 20250206101601.0
008 250123b |||||||| |||| 00| 0 eng d
040 _aLK-CoDNM
_dLK-CoDNM
_eLK-CoDNM
041 _aeng
080 _a59
_bH2
100 _aWilley
245 _aPlacuna Placenta
260 _c1903
300 _a10p. : 22 cm
490 _vvol 1
650 _ascience
942 _cBK
999 _c237906
_d237906